000 01578cam a22003131i 4500
003 SA-RiAUC
005 20250126081001.0
008 250125s1989 ly g b f001 0cara c
040 _aOM-MuSQU
_bara
_cSA-RiAUC
_erda
082 0 4 _a922.582
_qSA-RiAUC
090 _a922.582
_bت ن ب
100 1 _aالتنبكتي، أحمد بابا بن أحمد بن أحمد،
_d963-1036 هجري
_eمؤلف.
245 1 0 _aنيل الابتهاج بتطريز الديباج /
_cلأحمد بابا التنبكتي ؛ إشراف وتقديم عبد الحميد عبد الله الهرامة ؛ وضع هوامشه وفهارسه طلاب من كلية الدعوة الإسلامية.
250 _aالطبعة الأولى.
264 1 _aطرابلس، ليبيا :
_bكلية الدعوة الإسلامية،
_c1989
300 _a2 مجلد في 1 (658 صفحة) ؛
_c25 سم
336 _aنص
_btxt
_2rdacontent
_3كتاب
337 _aبدون وسيط
_bn
_2rdamedia
338 _aمجلد
_bnc
_2rdacarrier
500 _aيشتمل على كشافات.
504 _aيشتمل على إرجاعات ببليوجرافية.
590 _aالفكي.
650 7 _aالفقهاء المالكية
_vتراجم
_2aucsh
700 1 _aالهرامة، عبد الحميد عبد الله،
_d1950-
_eمشرف.
700 1 2 _aابن فرحون، إبراهيم بن علي بن محمد،
_dتوفي 799 هجري
740 2 2 _aالديباج المذهب في معرفة أعيان علماء المذهب.
942 _2ddc
_cBOOK
_n0
949 _aSA-JeALM
_d250125
_uosman123
_n1
999 _c5259
_d5259